| 000 | 00612nam a2200217 a 4500 | ||
|---|---|---|---|
| 005 | 20140310183357.0 | ||
| 008 | 120927s19uu xx 00 eng d | ||
| 020 | _a9789381460023 | ||
| 050 |
_aTX 911 _b.Si617 2012 |
||
| 100 | _aSingh, Ranvijay | ||
| 245 |
_aHospitality service quality / _cRanvijay Singh. |
||
| 250 | _a1st ed. | ||
| 260 |
_aNew Delhi, India : _bCentrum Press, _c2012. |
||
| 300 |
_aviii, 256 p. : _c22 cm. |
||
| 521 | _aTOU | ||
| 650 |
_aHospitality industry _xManagement |
||
| 650 |
_aTourism _xManagement |
||
| 650 |
_aLeisure _xManagement |
||
| 942 |
_cBK _2lcc _kFOR |
||
| 999 |
_c22261 _d22261 |
||